003810000a22001330004500020001800000110003300018245007900051260004500130300001100175440002300186500001700209001000400226999001700230 a958-703-123-71 aCultural Internacional Ltda.10aJugando con la plastilina : Creación de Maquetas, il. : Oscar M. Guevara aBogotá : Cultural Internacional Ltda. a288 P. 0aCol. Books & Toons aEnciclopedia901 c48090d48090